000 01133nam a2200361Ia 4500
001 dia_6686
003 CHAP
005 20251021154139.0
008 220117s2017 xx 000 0 und d
010 _a177939
020 _a978-607-12-0450-9
040 _cCHAP
082 _a631.584 G66 2017
100 _aGómez Tovar, Laura
_949914
245 _aAgricultura orgánica : bases técnicas /
_c Laura Gómez Tovar y Manuel Ángel Gómez Cruz
260 _aMéxico :
_b UACh. CIIDRI,
_c2017
300 _axii, 91 p.
440 _aPublicaciones agroecológicas
_9135200
503 _aD.
504 _aBibliografía: p. 85-91
590 _aS605.5 G66 2017
650 _aAgricultura sustentable
650 _aAgroecología
_9162546
650 _aAgroecology
_9162547
650 _aOrganic production
_9159204
650 _aProducción orgánica
_9159205
650 _aSustainable agriculture
_9158765
700 _aGómez Cruz, Manuel Ángel, coaut.
_9162548
901 _a631.584 G66 2017
902 _aA
905 _a5232272017 mx dmn 8223223322spa16
942 _cLIBRO
_2ddc
999 _c177939
_d177939